|
|
|
|
| LEADER |
01551nam a2200397 i 4500 |
| 001 |
EBC5900356 |
| 003 |
MiAaPQ |
| 005 |
20191019115118.0 |
| 006 |
m o d | |
| 007 |
cr cnu|||||||| |
| 008 |
191019s2019 enk o 001 0 eng d |
| 020 |
|
|
|z 9781838674724
|
| 020 |
|
|
|a 9781838674731 (e-book)
|
| 035 |
|
|
|a (MiAaPQ)EBC5900356
|
| 035 |
|
|
|a (Au-PeEL)EBL5900356
|
| 035 |
|
|
|a (OCoLC)1121139983
|
| 040 |
|
|
|a MiAaPQ
|b eng
|e rda
|e pn
|c MiAaPQ
|d MiAaPQ
|
| 050 |
|
4 |
|a HB615
|b .S635 2019
|
| 082 |
0 |
|
|a 658.421
|2 23
|
| 245 |
0 |
0 |
|a Societal entrepreneurship and competitiveness /
|c edited by Leo-Paul Dana, Vanessa Ratten.
|
| 264 |
|
1 |
|a Bingley, England :
|b Emerald Publishing,
|c [2019]
|
| 264 |
|
4 |
|c 2019
|
| 300 |
|
|
|a 1 online resource (268 pages)
|
| 336 |
|
|
|a text
|b txt
|2 rdacontent
|
| 337 |
|
|
|a computer
|b c
|2 rdamedia
|
| 338 |
|
|
|a online resource
|b cr
|2 rdacarrier
|
| 500 |
|
|
|a Includes index.
|
| 588 |
|
|
|a Description based on print version record.
|
| 590 |
|
|
|a Electronic reproduction. Ann Arbor, MI : ProQuest, 2018. Available via World Wide Web. Access may be limited to ProQuest affiliated libraries.
|
| 650 |
|
0 |
|a Entrepreneurship.
|
| 655 |
|
4 |
|a Electronic books.
|
| 700 |
1 |
|
|a Dana, Leo Paul,
|e editor.
|
| 700 |
1 |
|
|a Ratten, Vanessa,
|e editor.
|
| 776 |
0 |
8 |
|i Print version:
|t Societal entrepreneurship and competitiveness.
|d Bingley, England : Emerald Publishing, c2019
|h 268 pages
|z 9781838674724
|
| 797 |
2 |
|
|a ProQuest (Firm)
|
| 856 |
4 |
0 |
|u https://ebookcentral.proquest.com/lib/matrademy/detail.action?docID=5900356
|z Click to View
|